El político

Saved in:
Bibliographic Details
Main Author: Platón (Author)
Format: Book
Language:Spanish
Published: Madrid Centro de Estudios Constitucionales 1994
Subjects:
Tags: Add Tag
No Tags, Be the first to tag this record!

MARC

LEADER 00000nam a2200000 a 4500
001 UCY9306
003 CL-VaPUC
008 950713e19940000SP |||||||||||||||||spa|d
082 0 4 |a 184  |b PLA  |2 21 
100 0 |a Platón  |e author  |9 222 
245 1 3 |a El político 
246 1 0 |a Critón 
246 1 0 |a Menón 
300 |a p.v 
942 |c BK 
945 |d 19950713 00:00:00  |a aalvarez 
260 |a Madrid  |b Centro de Estudios Constitucionales  |c 1994 
500 |a Edición bilingüe 
650 0 |a Filosofía antigua   |9 255705 
650 0 |a Platonismo  |9 265673 
650 0 |a Etica política   |9 255799 
650 0 |a Filosofía griega  |9 265579 
583 |a last modification  |c 19950713 00:00:00  |k Rodrigo Vera 
999 |c 236428  |d 236426 
952 |0 0  |1 0  |4 0  |6 184_000000000000000_PLA_1994  |7 0  |8 DER_TF  |9 244512  |a BIBDER  |b BIBDER  |d 2019-11-18  |i 3107175  |o 184 PLA 1994  |p 3107175  |r 2023-01-25  |w 2019-11-18  |x Ubicación 4to Piso  |y BK  |z Estos recursos deben solicitarse con anticipación  |k DER